عرض عادي
عرض مارك
- Giancoli, Douglas C.
مدخل إسم شخص
001 - رقم الضبط
- حقل الضبط: 49596
003 - معرف رقم الضبط
- حقل الضبط: OSt
005 - تاريخ ووقت أخر عملية
- حقل الضبط: 20150728222807.0
008 - عناصر بيانات ثابتة الطول
- حقل تحكم ثابت الطول: 150728|| aca||aabn | a|a d
040 ## - مصدر الفهرسة
- هيئة الفهرسة الأصلية: OSt
- وكالة الكتابة: OSt
100 ## - مدخل -- أسم شخص
- إسم شخص: Giancoli, Douglas C.
670 ## - بيانات المصدر موجوده
- الاستشهاد بالمصدر: Work cat.: (OSt): Giancoli, Douglas C., Physics for scientists & engineers with modern physics /, 2014.
